000 00712cam a2200277 i 4500
001 16746
003 DO-SdUEMH
005 20251230141527.0
007 ta
008 211105s2001 dr |||gr|||| 000 0 spa|d
020 _a8483360020
040 _aDO-SdUEMH
_bspa
_erda
041 _aspa
_heng
082 1 4 _mCG
_a185 A716E
_bA717e
084 _b11-00099
100 _aAristóteles
_eaut
245 1 0 _aÉtica /
_cAristóteles ; traducción: J. Leyva
260 _c2001
264 0 1 _aMadrid, España :
_bALBA,
_c2001
300 _a380 paginas ;
_c18 cm
336 _2rdacontent
_atexto
_btxt
337 _2rdamedia
_asin mediación
_bn
338 _2rdacarrier
_avolumen
_bnc
942 _2ddc
_cBK
_n0
999 _c16746
_d16746